<?xml version="1.0" encoding="UTF-8"?>
<record
    xmlns:xsi="http://www.w3.org/2001/XMLSchema-instance"
    xsi:schemaLocation="http://www.loc.gov/MARC21/slim http://www.loc.gov/standards/marcxml/schema/MARC21slim.xsd"
    xmlns="http://www.loc.gov/MARC21/slim">

  <leader>01318nam a2200313 a 4500</leader>
  <controlfield tag="001">C01497667c-7</controlfield>
  <controlfield tag="003">CO-ViMGA</controlfield>
  <controlfield tag="005">20230915233139.0</controlfield>
  <controlfield tag="008">151130s2015    ck a   gr     000 0 spa d</controlfield>
  <datafield tag="020" ind1=" " ind2=" ">
    <subfield code="a">9789588780399</subfield>
  </datafield>
  <datafield tag="040" ind1=" " ind2=" ">
    <subfield code="a">CO-ViMGA</subfield>
    <subfield code="b">spa</subfield>
    <subfield code="c">CO-ViMGA</subfield>
  </datafield>
  <datafield tag="043" ind1=" " ind2=" ">
    <subfield code="a">s-ck---</subfield>
  </datafield>
  <datafield tag="045" ind1=" " ind2=" ">
    <subfield code="a">y0y1</subfield>
  </datafield>
  <datafield tag="082" ind1="0" ind2="4">
    <subfield code="a">370.7 </subfield>
    <subfield code="b">J87p </subfield>
  </datafield>
  <datafield tag="100" ind1="1" ind2=" ">
    <subfield code="a">Jurado Valencia, Fabio, </subfield>
    <subfield code="d">1954-</subfield>
    <subfield code="9">4338</subfield>
  </datafield>
  <datafield tag="245" ind1="1" ind2="0">
    <subfield code="a">Premio a la investigaci&#xF3;n e innovaci&#xF3;n educativa 2007-2012 : </subfield>
    <subfield code="b">un estado del arte / </subfield>
    <subfield code="c">Fabio Jurado Valencia, Sayra Liliana Ben&#xED;tez, Silvia Alejandra Rey.</subfield>
  </datafield>
  <datafield tag="260" ind1=" " ind2=" ">
    <subfield code="a">Bogot&#xE1; : </subfield>
    <subfield code="b">Alcald&#xED;a Mayor de Bogot&#xE1;, </subfield>
    <subfield code="c">2015.</subfield>
  </datafield>
  <datafield tag="300" ind1=" " ind2=" ">
    <subfield code="a">244 p. : </subfield>
    <subfield code="c">il., gr&#xE1;ficas,24 cm.</subfield>
  </datafield>
  <datafield tag="490" ind1="0" ind2=" ">
    <subfield code="a">Colecci&#xF3;n investigaci&#xF3;n e innovaci&#xF3;n ; </subfield>
    <subfield code="v">1</subfield>
  </datafield>
  <datafield tag="500" ind1=" " ind2=" ">
    <subfield code="a">Incluye &#xED;ndice</subfield>
  </datafield>
  <datafield tag="504" ind1=" " ind2=" ">
    <subfield code="a">Incluye referencias bibliogr&#xE1;ficas (p&#xE1;ginas 241-244)</subfield>
  </datafield>
  <datafield tag="610" ind1="1" ind2="4">
    <subfield code="a">Bogot&#xE1; (Colombia). </subfield>
    <subfield code="b">Alcald&#xED;a Mayor. </subfield>
    <subfield code="b">Instituto para la Investigaci&#xF3;n Educativa y el Desarrollo Pedag&#xF3;gico</subfield>
    <subfield code="x"> Investigaciones</subfield>
    <subfield code="y"> 2012.</subfield>
    <subfield code="9">4339</subfield>
  </datafield>
  <datafield tag="650" ind1="1" ind2="4">
    <subfield code="a">Innovaciones educativas</subfield>
    <subfield code="x"> Investigaciones</subfield>
    <subfield code="z"> Bogot&#xE1; (Colombia)</subfield>
    <subfield code="y"> 2007-2012.</subfield>
    <subfield code="9">4341</subfield>
  </datafield>
  <datafield tag="650" ind1="1" ind2="4">
    <subfield code="a">Investigaci&#xF3;n educativa</subfield>
    <subfield code="z"> Bogot&#xE1; (Colombia)</subfield>
    <subfield code="y"> 2007-2012.</subfield>
    <subfield code="9">4340</subfield>
  </datafield>
  <datafield tag="700" ind1="1" ind2=" ">
    <subfield code="a">Ben&#xED;tez, Sayra Liliana.</subfield>
    <subfield code="9">4342</subfield>
  </datafield>
  <datafield tag="700" ind1="1" ind2=" ">
    <subfield code="a">Rey Gonz&#xE1;lez, Silvia Alejandra.</subfield>
    <subfield code="9">4343</subfield>
  </datafield>
  <datafield tag="942" ind1=" " ind2=" ">
    <subfield code="c">BK</subfield>
  </datafield>
  <datafield tag="949" ind1=" " ind2=" ">
    <subfield code="a">        </subfield>
  </datafield>
  <datafield tag="999" ind1=" " ind2=" ">
    <subfield code="c">35725</subfield>
    <subfield code="d">35725</subfield>
  </datafield>
  <datafield tag="952" ind1=" " ind2=" ">
    <subfield code="0">0</subfield>
    <subfield code="1">0</subfield>
    <subfield code="2">ddc</subfield>
    <subfield code="4">0</subfield>
    <subfield code="7">0</subfield>
    <subfield code="8">003</subfield>
    <subfield code="a">MEVIECAR</subfield>
    <subfield code="b">MEVIECAR</subfield>
    <subfield code="d">2016-08-25</subfield>
    <subfield code="g">16451.00</subfield>
    <subfield code="l">0</subfield>
    <subfield code="o">370.7 J87p</subfield>
    <subfield code="p">30430</subfield>
    <subfield code="r">2016-08-25 00:00:00</subfield>
    <subfield code="t">Ej. 1</subfield>
    <subfield code="w">2016-08-25</subfield>
    <subfield code="y">BK</subfield>
  </datafield>
</record>
